000 01467cam a2200373 a 4500
005 20260322212059.0
008 data
010 _a 2006282280
020 _a0804837368 (v. 1 : pbk.)
020 _a0804837457 (v. 2 : pbk.)
020 _a9780804837361 (v. 1 : pbk.)
020 _a9780804837453 (v. 2 : pbk.)
024 3 _a9780804837361
_d51595
040 _aJFN
_cJFN
_dDLC
_dGK8
_dDLC
042 _alccopycat
050 0 0 _aPE1128
_b.C773 2006
082 0 4 _a428.1
_222
092 _a428.1 C773 2006
100 1 _aCrichton, Jonathan.
245 1 0 _aEnglish made easy :
_blearning English through pictures /
_cJonathan Crichton & Pieter Koster.
246 3 0 _aLearning English through pictures
246 3 0 _aEnglish through pictures
260 _aNorth Clarendon, VT :
_bTuttle,
_cc2006-
300 _av. <1> :
_bcol. ill. ;
_c28 cm.
500 _aIncludes index.
650 0 _aEnglish language
_vTextbooks for foreign speakers.
650 0 _aEnglish language
_vProblems, exercises, etc.
_vProblems, exercises, etc.
650 0 _aVocabulary
_vProblems, exercises, etc.
650 0 _aLife skills
_vProblems, exercises, etc.
700 1 _aKoster, Pieter.
856 4 2 _3Contributor biographical information
_uhttp://www.loc.gov/catdir/enhancements/fy0828/2006282280-b.html
856 4 2 _3Publisher description
_uhttp://www.loc.gov/catdir/enhancements/fy0828/2006282280-d.html
001 data
999 _c1412
_d1412